Regionálny rozmer dlhodobej nezamestnanosti na Slovensku

Fenomén dlhodobej nezamestnanosti. Regionálny aspekt dlhodobej nezamestnanosti. Popis dôsledkov výraznosti nezamestnanosti na štátne či lokálne politiky zamestnanosti.

Na minha lista:
Detalhes bibliográficos
Autor principal: Páleník, Michal
Formato: Capítulo de Livro
Idioma:eslovaco
Assuntos:
Tags: Adicionar Tag
Sem tags, seja o primeiro a adicionar uma tag!

MARC

LEADER 00000naa a2200000 4500
001 0171815
005 20220715093902.2
041 0 |a slo 
044 |a SK 
245 1 0 |a Regionálny rozmer dlhodobej nezamestnanosti na Slovensku  |c Michal Páleník 
520 |a Fenomén dlhodobej nezamestnanosti. Regionálny aspekt dlhodobej nezamestnanosti. Popis dôsledkov výraznosti nezamestnanosti na štátne či lokálne politiky zamestnanosti. 
610 2 0 |a trh práce 
610 2 0 |a politika regionálna 
610 2 0 |a Slovensko 
610 2 0 |a politika zamestnanosti 
610 2 0 |a nezamestnanosť 
100 1 |a Páleník, Michal